MLB Players to win Medal of Freedom Quiz Stats

 Plays Quiz not verified by Sporcle

Challenge
Share
Tweet
Embed
Score 0/7 Timer 02:00
0 Plays Today
Teams Player % Correct
Braves (1954-1976), Brewers (1975-1976)Hank Aaron
98.1%
Pirates (1955-1972)Roberto Clemente
98.1%
Reds (1956-1965), Orioles (1966-1971), Dodgers, Angels, Indians (1972-1976)Frank Robinson
96.3%
Dodgers (1947-1956)Jackie Robinson
96.3%
Red Sox (1939-1960)Ted Williams
96.3%
Yankees (1936-1951)Joe DiMaggio
92.6%
Cardinals (1941-1963)Stan Musial
92.6%

You're not logged in!

Compare scores with friends on all Sporcle quizzes.
OR
Log In

You Might Also Like...

Show Comments

Extras

Top Quizzes Today


Score Distribution

Your Account Isn't Verified!

In order to create a playlist on Sporcle, you need to verify the email address you used during registration. Go to your Sporcle Settings to finish the process.

Report this User

Report this user for behavior that violates our Community Guidelines.

Details: